Some topics of biology

Bibliographic Details
Other Authors: Oktavcová, Jarmila (Compiler)
Format: Book
Language:English
PhysicalDescription:151 s. fotogr., ilustr. 29 cm
Published: Bratislava Univerzita Komenského 1998
ISBN:8022312215
Subjects:

MARC

LEADER 00000nam a2200000 a 4500
001 vtls001334070
003 SK-MaSNL
005 20260301065944.0
008 240509s1998 xo aa r y eng
015 |a SNBA1998/11-03924 
020 |a 8022312215 
035 |a SNK000287004 
035 |a urn:nbn:sk:snk-amye9y 
035 |a urn:nbn:sk:snk-am00chlc 
035 |a 1C20E30B-27D5-4914-8D82-D0DAF3999725 
040 |a SNK  |b slo  |c SNK  |e AACR2 
041 0 |a eng 
044 |a xo  |c SK 
080 |a 57(075.8)=20  |2 1981 
080 |a 611(075.8)=20  |2 1981 
245 0 |a Some topics of biology  |c [zostavila: Jarmila Oktavcová] 
260 |a Bratislava  |b Univerzita Komenského  |c 1998 
300 |a 151 s.  |b fotogr., ilustr.  |c 29 cm 
500 |a Údaj o zost. prevzatý z rubu tit. strany 
500 |a 200 výt. 
504 |a Bibliogr. s. 146 
650 0 7 |a biológia  |2 SNK  |9 689 
655 7 |a Textbooks (higher)  |2 SNKPHeng  |9 276436 
655 7 |a učebnice vysokých škôl  |2 SNKPH  |9 70191 
700 1 |a Oktavcová, Jarmila  |4 com  |9 10864 
919 |a 80-223-1221-5 
958 |a TL 
958 |a NB 
958 |a UV 
999 |c 632596  |d 634526 
952 |t P60, <03>, [BOOK], {603}  |a SNK  |b SNK  |y PREZ  |7 0  |p 17A0144925  |o snkSB 59065  |i snkKSP 6181/98  |0 0  |1 0  |4 0  |d 1998-06-12  |f 1  |l 0  |r 2025-04-11 00:00:00  |w 2026-02-23 
952 |t P60, <04>, [BOOK], {604}  |a SNK  |b SNK  |y VYP  |7 0  |p 17A0144924  |o snkSB 59065 D1  |i snkKSP 6182/98  |0 0  |1 0  |4 0  |d 1998-06-12  |l 0  |r 2005-01-02 00:00:00  |w 2026-02-23